Design, Construction, Rehabilitation, and Maintenance of Bridges /

Bibliographic Details
Other Authors: Moyo, Pilate, Ooi, Phillip, Zhai, Endi, Myers, John
Format: eBook
Published: Reston, VA : American Society of Civil Engineers, 2011.
Series:Geotechnical Special Publications.
Subjects:
Online Access:Connect to the full text of this electronic book

MARC

Tag First Indicator Second Indicator Subfields
LEADER 00000cam a22000005u 4500
001 in00002786893
005 20190331170702.0
006 m o d
007 cr nn 008mam|a
008 110516t2011 gw fo || 0 0 |||||
020 |a 9780784476307 
035 |a (American Society of Civil Eng)10.1061/9780784476307 
040 |d UtOrBLW 
245 0 0 |a Design, Construction, Rehabilitation, and Maintenance of Bridges /  |c Edited by Pilate Moyo, Phillip Ooi, Endi Zhai, John Myers. 
264 1 |a Reston, VA :  |b American Society of Civil Engineers,  |c 2011. 
300 |a 1 online resource. 
336 |a text  |b txt  |2 rdacontent 
337 |a computer  |b c  |2 rdamedia 
338 |a online resource  |b cr  |2 rdacarrier 
490 1 |a Geotechnical Special Publications 
500 |a Electronic resource. 
653 |a Proceedings  |a Geo-Institute (G-I)  |a Geotechnics  |a Infrastructure management and security  |a Construction  |a Sustainable development 
655 7 |a Electronic books.  |2 local 
700 1 |a Moyo, Pilate. 
700 1 |a Ooi, Phillip. 
700 1 |a Zhai, Endi. 
700 1 |a Myers, John. 
730 0 |a ASCE Library. 
830 0 |a Geotechnical Special Publications. 
856 4 0 |u http://proxy.library.tamu.edu/login?url=http://ascelibrary.org/action/showBook?doi=10.1061%2F9780784476307  |z Connect to the full text of this electronic book  |t 0 
999 |a MARS 
999 f f |s 963de896-955f-3af3-9088-37cf85410518  |i 0a0765f1-522c-3749-8619-a9d2b5cc0145  |t 0 
952 f f |a Texas A&M University  |b College Station  |c Electronic Resources  |d Available Online  |t 0  |h No information provided 
998 f f |t 0  |l Available Online